00564nam a22001817a 450000500170000001000150001702000260003203500140005803700130007208200150008510000190010024500600011925000170017926000600019627000890025630000170034570000200036220230814131113.0 aENG-137449 a9789392970962c879.00 aEN-120981 bDBAD/PUB a613332.645 a Hull, John C. aOptions, Future and Other Derivatives/cBy John C. Hull a11TH EDITION aUTTAR PRADESHbPERSON INDIA EDUCATION SERVICES Pvt. Ltd a15TH FLOOR, TOWER-B WORLD TRADE TOWER,PLOT NO. 1, BLOCK-C , SECTOR 16bNOIDAe201301 a893p.c25cm, aSANKARSHAN BASU